[Event "10th American Continental"]
[Site "Montevideo URU"]
[Date "2015.05.15"]
[Round "1.50"]
[White "Aranha Filho, Alvaro Z."]
[Black "Casas, Nicolas"]
[Result "1/2-1/2"]
[WhiteTitle "FM"]
[WhiteElo "2270"]
[BlackElo "1834"]
[WhiteFideId "2103931"]
[BlackFideId "3002055"]
[EventDate "2015.05.15"]
[EventType "swiss"]

1. d4 d5 2. Nf3 Nf6 3. c4 c6 4. Qc2 e6 5. Nbd2 Be7 6. g3 Nbd7 7. Bg2 O-O 8. O-O
c5 9. Rd1 cxd4 10. Nxd4 Qb6 11. N2b3 dxc4 12. Qxc4 Ne5 13. Qb5 Qxb5 14. Nxb5 Bd7
15. N3d4 Bxb5 16. Nxb5 Nc6 17. Bf4 a6 18. Nd6 Bxd6 19. Rxd6 Rfd8 20. Rc1 Nd5 21.
Rxd8+ Rxd8 22. Bd2 f6 23. Kf1 Kf7 24. Ke1 h6 25. f4 g5 26. a3 gxf4 27. gxf4 f5
28. Bf3 Kf6 29. e3 e5 30. Rc5 Ke6 31. Rc4 exf4 32. exf4 Kd6 33. Kf2 b5 34. Rc1
Rg8 35. Rd1 Ke6 36. Rc1 Kd6 37. Be3 Nce7 38. Bc5+ Ke6 39. Re1+ Kf7 40. Bh5+ Ng6
41. Bd6 Kf6 42. Bxg6 Rxg6 43. Be5+ Kf7 44. Rd1 Nf6 45. Kf3 Ng4 46. h3 Nf6 47.
Bxf6 Rxf6 48. Rd7+ Ke6 49. Rd4 Rg6 50. a4 bxa4 51. Rxa4 Kf7 52. Ra5 Rf6 53. b4
Kg6 54. Ke3 Rb6 55. Ra4 Rd6 56. Ra5 Rb6 57. Ra4 Rd6 1/2-1/2

[Event "10th American Continental"]
[Site "Montevideo URU"]
[Date "2015.05.15"]
[Round "1.51"]
[White "Rodrigues, Julliano de Araujo"]
[Black "Matsuura, Frederico"]
[Result "0-1"]
[BlackTitle "FM"]
[WhiteElo "1808"]
[BlackElo "2270"]
[WhiteFideId "2127288"]
[BlackFideId "2107848"]
[EventDate "2015.05.15"]
[EventType "swiss"]

1. e4 e6 2. d4 d5 3. Nc3 Bb4 4. e5 c5 5. a3 Bxc3+ 6. bxc3 Ne7 7. Qg4 cxd4 8.
cxd4 Qc7 9. Bd2 Qxc2 10. Rc1 Qe4+ 11. Qxe4 dxe4 12. Bb4 Nbc6 13. Bb5 Bd7 14. Bc5
Nf5 15. Ne2 Nxe5 16. dxe5 Bxb5 17. Nc3 Bd3 18. Na4 f6 19. exf6 gxf6 20. Nb2 Ba6
21. Bxa7 Rg8 22. Bb6 Rxg2 23. h4 e3 24. Nc4 Rc8 0-1

[Event "10th American Continental"]
[Site "Montevideo URU"]
[Date "2015.05.15"]
[Round "1.53"]
[White "Fein, Jorge"]
[Black "Curi, Gabriel"]
[Result "0-1"]
[BlackTitle "FM"]
[WhiteElo "1790"]
[BlackElo "2253"]
[WhiteFideId "3003914"]
[BlackFideId "3000400"]
[EventDate "2015.05.15"]
[EventType "swiss"]

1. e4 e6 2. d4 d5 3. exd5 exd5 4. Nf3 Nc6 5. c3 Bf5 6. Bd3 Bxd3 7. Qxd3 Bd6 8.
Be3 Nge7 9. Nbd2 Qd7 10. O-O f6 11. b4 O-O 12. Nb3 Qf5 13. Qxf5 Nxf5 14. Bd2
Rfe8 15. Rfe1 Kf7 16. g3 g5 17. Kg2 b6 18. a4 Bf8 19. Rxe8 Rxe8 20. Re1 Nd6 21.
Rxe8 Kxe8 22. Bc1 Ne4 23. Bb2 Kd7 24. Ng1 a5 25. b5 Nd8 26. f3 Nd6 27. Nd2 c6
28. bxc6+ Kxc6 29. Ne2 b5 30. axb5+ Kxb5 31. Nb3 N8b7 32. Kf1 Nc4 33. Bc1 Ka4
34. Na1 Ba3 35. Ke1 Bxc1 36. Nxc1 Ka3 37. Nab3 Kb2 38. Kd1 Kxc3 39. Nc5 Nxc5 40.
dxc5 Ne5 41. f4 Nc6 42. fxg5 fxg5 43. h4 gxh4 44. gxh4 a4 45. Ne2+ Kb2 46. Kd2
a3 47. Nc1 a2 48. Nxa2 Kxa2 49. h5 Kb3 50. Kd3 Kb4 0-1

[Event "10th American Continental"]
[Site "Montevideo URU"]
[Date "2015.05.15"]
[Round "1.54"]
[White "Hernandez, Cristian Andres"]
[Black "Pena Canapa, Alfredo"]
[Result "1-0"]
[WhiteTitle "IM"]
[WhiteElo "2250"]
[BlackElo "1785"]
[WhiteFideId "4402308"]
[BlackFideId "3003140"]
[EventDate "2015.05.15"]
[EventType "swiss"]

1. e4 c5 2. Nf3 d6 3. d4 cxd4 4. Nxd4 Nf6 5. Nc3 a6 6. Bg5 e6 7. f4 Be7 8. Qf3
Qc7 9. O-O-O O-O 10. Bd3 b5 11. e5 dxe5 12. Bxf6 Bxf6 13. fxe5 Be7 14. Qxa8 b4
15. Qe4 1-0

[Event "10th American Continental"]
[Site "Montevideo URU"]
[Date "2015.05.15"]
[Round "1.55"]
[White "Toledo, Javier"]
[Black "Pardo, Alejandro"]
[Result "0-1"]
[WhiteElo "1769"]
[BlackElo "2247"]
[WhiteFideId "3007502"]
[BlackFideId "4402880"]
[EventDate "2015.05.15"]
[EventType "swiss"]

1. e4 c5 2. Nc3 a6 3. a4 b6 4. Bc4 e6 5. f4 Bb7 6. Qe2 g6 7. Nf3 Bg7 8. O-O Ne7
9. e5 d5 10. exd6 Qxd6 11. d3 Nbc6 12. Ne4 Qc7 13. Neg5 Nd4 14. Nxd4 Bxd4+ 15.
Kh1 Qc6 16. c3 Bf6 17. Ne4 Bg7 18. Ng5 O-O 19. Bd2 b5 20. axb5 axb5 21. Rxa8
Rxa8 22. Bb3 Rd8 23. Rf3 c4 24. Bc2 Qa6 25. Rf1 cxd3 26. Bxd3 Qd6 27. Be4 Qxd2
28. Qxd2 Rxd2 29. Bxb7 Rxb2 30. Ne4 Nd5 31. Ra1 h6 32. g3 Nxc3 33. Ra8+ Kh7 34.
Nd6 b4 35. Nxf7 b3 36. Bc8 Ra2 0-1

[Event "10th American Continental"]
[Site "Montevideo URU"]
[Date "2015.05.15"]
[Round "1.56"]
[White "Teixeira, Ricardo da Silva"]
[Black "Gomez Troccoli, Martin"]
[Result "1-0"]
[WhiteTitle "FM"]
[WhiteElo "2223"]
[BlackElo "1761"]
[WhiteFideId "2100126"]
[BlackFideId "3006778"]
[EventDate "2015.05.15"]
[EventType "swiss"]

1. Nf3 e6 2. e4 d5 3. Nc3 Nf6 4. e5 Nfd7 5. d4 b6 6. Bg5 f6 7. exf6 Nxf6 8. Bd3
Be7 9. O-O O-O 10. Ne2 Ba6 11. Bxa6 Nxa6 12. Nf4 Qd6 13. Qe2 Ne4 14. Bxe7 Qxe7
15. Nd3 c5 16. Nde5 Nc7 17. c3 cxd4 18. cxd4 Ne8 19. Rac1 N8d6 20. Nc6 Qf6 21.
Nfe5 Qg5 22. f3 Qd2 23. Rfe1 Qxe2 24. Rxe2 Ng5 25. h4 Ngf7 26. Ne7+ Kh8 27.
Nxf7+ Rxf7 28. Rxe6 Nb5 29. Nxd5 Nxd4 30. Re4 Nb5 31. Rce1 h6 32. Re8+ Rxe8 33.
Rxe8+ Kh7 34. Re7 Rf5 35. Rd7 Re5 36. Kf2 Re6 37. Nf4 Re5 38. a4 1-0

[Event "10th American Continental"]
[Site "Montevideo URU"]
[Date "2015.05.15"]
[Round "1.57"]
[White "Areco, Antonio"]
[Black "El Ters, Antouan"]
[Result "0-1"]
[WhiteElo "1746"]
[BlackElo "2208"]
[WhiteFideId "139190"]
[BlackFideId "3000150"]
[EventDate "2015.05.15"]
[EventType "swiss"]

1. e3 e5 2. c4 Nf6 3. Nc3 Be7 4. Nf3 d6 5. Be2 O-O 6. O-O c6 7. Qc2 Bg4 8. d4
Qc7 9. b3 Nbd7 10. Bb2 Rfe8 11. dxe5 dxe5 12. Ne4 Bh5 13. Ng3 Bg6 14. Qc3 Ne4
15. Nxe4 Bxe4 16. Rad1 Bf6 17. Nd2 Bg6 18. Bg4 Nc5 19. Ba3 Ne6 20. Rfe1 Rad8 21.
Nf1 h5 22. Bxe6 Rxe6 23. Rxd8+ Qxd8 24. e4 Re8 25. Qc2 Qa5 26. Qc1 Bg5 0-1

[Event "10th American Continental"]
[Site "Montevideo URU"]
[Date "2015.05.15"]
[Round "1.58"]
[White "Fernandez, Maria Florencia"]
[Black "Nakle, Gonzalo"]
[Result "1-0"]
[WhiteTitle "WIM"]
[WhiteElo "2200"]
[BlackElo "1737"]
[WhiteFideId "116459"]
[BlackFideId "3002250"]
[EventDate "2015.05.15"]
[EventType "swiss"]

1. d4 Nf6 2. c4 g6 3. f3 Bg7 4. e4 d6 5. Nc3 a5 6. Be3 Na6 7. Qd2 c5 8. dxc5
dxc5 9. Qxd8+ Kxd8 10. O-O-O+ Ke8 11. Nb5 Nd7 12. Ne2 Ne5 13. Nec3 Be6 14. Nd5
Bxd5 15. Rxd5 Rd8 16. Rxd8+ Kxd8 17. Be2 Kc8 18. f4 Nc6 19. Bg4+ Kb8 20. Rd1 Rd8
21. Rxd8+ Nxd8 22. Bd7 b6 23. a3 Nc7 24. b4 Nxb5 25. Bxb5 axb4 26. axb4 cxb4 27.
Bxb6 Ne6 28. g3 Bd4 29. Ba5 Bc5 30. Be8 Nd4 31. Kb2 f6 32. Bd7 Kb7 33. f5 Nf3
34. Kb3 Nd2+ 35. Ka4 Nxe4 36. Kb5 gxf5 37. Bc6+ Kc8 38. Bxe4 fxe4 39. Kxc5 b3
40. Bc3 e3 41. Kb4 e2 42. Kxb3 1-0

[Event "10th American Continental"]
[Site "Montevideo URU"]
[Date "2015.05.15"]
[Round "1.59"]
[White "Porteiro, Rodrigo"]
[Black "Caetano, Hugo Zanotti Mendonca"]
[Result "0-1"]
[WhiteElo "1727"]
[BlackElo "2199"]
[WhiteFideId "3006140"]
[BlackFideId "2119420"]
[EventDate "2015.05.15"]
[EventType "swiss"]

1. e4 c5 2. Nf3 d6 3. d4 cxd4 4. Nxd4 Nf6 5. Nc3 g6 6. Be3 Bg7 7. f3 O-O 8. Qd2
Nc6 9. Bc4 Bd7 10. O-O-O Rc8 11. Bb3 Ne5 12. h4 h5 13. Kb1 Nc4 14. Bxc4 Rxc4 15.
Bg5 Nxe4 16. Nxe4 Rxd4 17. Qe3 Qb6 18. Rxd4 Bxd4 19. Qa3 Re8 20. Re1 Be6 21. Be3
Bxe3 22. Qxe3 Qa5 23. a3 Qd5 24. Qh6 Qe5 25. Re3 Qd4 26. Re1 Qg7 27. Qe3 b6 28.
Qg5 Qd4 29. Qh6 Bf5 30. Ng5 Qg7 31. Qxg7+ Kxg7 32. Kc1 d5 33. f4 e6 34. g3 Rc8
35. Re2 Bg4 36. Rf2 Rc4 37. Nf3 Bxf3 38. Rxf3 Kf6 39. Kd2 Kf5 40. b3 Rc7 41. c3
Kg4 42. Ke2 d4 43. c4 b5 44. Rd3 bxc4 45. bxc4 Rxc4 0-1

[Event "10th American Continental"]
[Site "Montevideo URU"]
[Date "2015.05.15"]
[Round "1.60"]
[White "Sanhueza, Cristian"]
[Black "Pereira, Armando Scharlau"]
[Result "1-0"]
[WhiteElo "2195"]
[BlackElo "1717"]
[WhiteFideId "116815"]
[BlackFideId "2122006"]
[EventDate "2015.05.15"]
[EventType "swiss"]

1. e4 e6 2. d4 d5 3. Nc3 Nf6 4. Bg5 Be7 5. e5 Nfd7 6. Bxe7 Qxe7 7. Qd2 b6 8. f4
Ba6 9. Bxa6 Nxa6 10. Nf3 Nb4 11. Nb5 Na6 12. O-O O-O 13. c3 c5 14. a3 c4 15.
Rae1 g6 16. h4 Kh8 17. g3 Ndb8 18. h5 Kg7 19. Kg2 Nc6 20. Rh1 Nc7 21. hxg6 fxg6
22. Nxc7 Qxc7 23. Ng5 1-0

[Event "10th American Continental"]
[Site "Montevideo URU"]
[Date "2015.05.15"]
[Round "1.61"]
[White "Chamlian, Aram"]
[Black "Contreras, Henry"]
[Result "0-1"]
[BlackTitle "FM"]
[WhiteElo "1714"]
[BlackElo "2193"]
[WhiteFideId "3003639"]
[BlackFideId "4400623"]
[EventDate "2015.05.15"]
[EventType "swiss"]

1. e4 c5 2. Nc3 a6 3. g3 Nc6 4. Bg2 g6 5. f4 Bg7 6. Nf3 d6 7. d3 Rb8 8. Rb1 e6
9. O-O Nge7 10. Be3 Nd4 11. Bf2 Nec6 12. Ne2 O-O 13. c3 Nxe2+ 14. Qxe2 b6 15. d4
cxd4 16. cxd4 Ne7 17. Rfd1 d5 18. e5 Bd7 19. g4 Bb5 20. Qd2 Qd7 21. h4 Rfc8 22.
g5 h5 23. gxh6 Bxh6 24. Nh2 Nf5 25. Ng4 Bg7 26. Bf3 Qe7 27. h5 gxh5 28. Ne3 Nxe3
29. Qxe3 Kh7 30. Bxh5 Bh6 31. Kh1 Rc2 32. a4 Bxa4 33. Qd3+ Kh8 34. Bg3 Rg8 35.
Rg1 Bxf4 36. b3 Qh4+ 37. Bxh4 Rh2# 0-1

[Event "10th American Continental"]
[Site "Montevideo URU"]
[Date "2015.05.15"]
[Round "1.62"]
[White "Izquierdo, Daniel"]
[Black "Reolon, Victor"]
[Result "1-0"]
[WhiteTitle "FM"]
[WhiteElo "2190"]
[BlackElo "1711"]
[WhiteFideId "3000044"]
[BlackFideId "3002942"]
[EventDate "2015.05.15"]
[EventType "swiss"]

1. d4 Nf6 2. Nf3 d5 3. c4 g6 4. Nc3 Bg7 5. Bf4 O-O 6. e3 c6 7. h3 Na6 8. Be2 Nc7
9. O-O Ne6 10. Be5 dxc4 11. Bxc4 b5 12. Be2 a6 13. Rc1 Bb7 14. b4 Rc8 15. Qb3
Ne8 16. Rfd1 N6c7 17. Ne4 Qd5 18. Nc5 f6 19. Bh2 Qxb3 20. Nxb3 Nd6 21. Na5 Nce8
22. Rc2 Ba8 23. Rdc1 Nc7 24. Nxc6 Nd5 25. Nxe7+ Nxe7 26. Bxd6 1-0

[Event "10th American Continental"]
[Site "Montevideo URU"]
[Date "2015.05.15"]
[Round "1.63"]
[White "Larrea, Daniela"]
[Black "Sanchez Sandoval, Gonzalo"]
[Result "0-1"]
[WhiteElo "1705"]
[BlackElo "2187"]
[WhiteFideId "3003000"]
[BlackFideId "3414167"]
[EventDate "2015.05.15"]
[EventType "swiss"]

1. d4 Nf6 2. c4 e6 3. g3 Bb4+ 4. Bd2 Qe7 5. Bg2 Nc6 6. Nf3 Bxd2+ 7. Nbxd2 d6 8.
e4 e5 9. d5 Nb8 10. O-O a5 11. Ne1 O-O 12. Nd3 Na6 13. f4 Rb8 14. f5 c6 15. g4
h6 16. h4 Nh7 17. Nf3 b5 18. b3 bxc4 19. bxc4 cxd5 20. cxd5 Nb4 21. Nf2 Ba6 22.
Re1 Rfc8 23. Rc1 Rxc1 24. Qxc1 Rc8 25. Qb1 Qa7 26. Rc1 Rxc1+ 27. Qxc1 Qxf2+ 0-1

[Event "10th American Continental"]
[Site "Montevideo URU"]
[Date "2015.05.15"]
[Round "1.64"]
[White "Arcos Facio, Mateo"]
[Black "De la Torre, Andres"]
[Result "1-0"]
[WhiteTitle "FM"]
[WhiteElo "2184"]
[BlackElo "1699"]
[WhiteFideId "3001199"]
[BlackFideId "3005186"]
[EventDate "2015.05.15"]
[EventType "swiss"]

1. e4 g6 2. d4 Bg7 3. Nc3 d6 4. f4 Nf6 5. Nf3 O-O 6. Bd3 c6 7. O-O Bg4 8. Qe1
Nbd7 9. e5 Nd5 10. Ng5 h6 11. Nge4 Nxc3 12. bxc3 Nb6 13. Qh4 Bf5 14. a4 Bxe4 15.
Bxe4 e6 16. Qh3 d5 17. Bd3 Qd7 18. f5 exf5 19. Bxh6 f6 20. exf6 Rxf6 21. Bf4
Rff8 22. Qg3 Kf7 23. a5 Nc8 24. h4 Rh8 25. Rae1 Bf6 26. Bg5 Bxg5 27. Qxg5 Nd6
28. Re5 Rh5 29. Bxf5 Rxg5 30. Bxd7+ Rf5 31. Bxf5 gxf5 32. Rfe1 Rg8 33. Re7+ Kf8
34. a6 bxa6 35. Rxa7 Rg3 36. Re6 Nb5 37. Rf6+ Kg8 38. Rxa6 Nxc3 39. Rfxc6 Ne4
40. Rc7 Kh8 41. Rh6+ Kg8 42. Ra6 Kh8 43. Kh2 Rg4 44. Ra8+ Rg8 45. Rxg8+ 1-0

[Event "10th American Continental"]
[Site "Montevideo URU"]
[Date "2015.05.15"]
[Round "1.65"]
[White "Torres Acosta, Raul"]
[Black "Madeira, Wagner Martins"]
[Result "0-1"]
[BlackTitle "FM"]
[WhiteElo "1677"]
[BlackElo "2179"]
[WhiteFideId "3006174"]
[BlackFideId "2100797"]
[EventDate "2015.05.15"]
[EventType "swiss"]

1. e4 c5 2. Be2 Nc6 3. Nc3 g6 4. d3 Bg7 5. f4 e6 6. Nf3 Nge7 7. O-O O-O 8. Qe1
Nd4 9. Nxd4 cxd4 10. Nd1 d5 11. Bf3 b6 12. c3 dxc3 13. Nxc3 Ba6 14. Be2 Nc6 15.
f5 Nd4 16. Qd1 Nxe2+ 17. Nxe2 dxe4 18. fxe6 exd3 19. exf7+ Kh8 20. Ng3 d2 21.
Bxd2 Bxf1 22. Nxf1 Rxf7 23. Qc2 Qd4+ 24. Be3 Qxb2 25. Qxb2 Bxb2 26. Rd1 Re8 27.
Rd3 Kg8 28. Bf2 Ref8 29. Rd2 Bd4 0-1

[Event "10th American Continental"]
[Site "Montevideo URU"]
[Date "2015.05.15"]
[Round "1.66"]
[White "Andrade, Roberto Luiz Costa"]
[Black "Quevedo, Andreina"]
[Result "1/2-1/2"]
[WhiteTitle "FM"]
[WhiteElo "2177"]
[BlackElo "1661"]
[WhiteFideId "2101521"]
[BlackFideId "3004147"]
[EventDate "2015.05.15"]
[EventType "swiss"]

1. e4 e5 2. Nf3 Nc6 3. Nc3 Bc5 4. Nxe5 Nxe5 5. d4 Bd6 6. dxe5 Bxe5 7. Be2 Bxc3+
8. bxc3 d6 9. O-O Nf6 10. Qd4 O-O 11. Bb2 Re8 12. Bf3 Bg4 13. c4 Bxf3 14. gxf3
Qd7 15. Kg2 Re5 16. Rg1 Rh5 17. Kf1 Qh3+ 18. Ke2 Rh6 19. Rg3 Qxh2 20. Rag1 Rg6
21. c5 dxc5 22. Qxc5 c6 23. Bxf6 gxf6 24. Qd6 Kh8 25. Qe7 Rag8 26. Qxf6+ R8g7
27. Qd8+ Rg8 28. Qd4+ R8g7 29. Qd8+ Rg8 1/2-1/2

[Event "10th American Continental"]
[Site "Montevideo URU"]
[Date "2015.05.15"]
[Round "1.67"]
[White "Montenegro, Claudia"]
[Black "Carvalho, Herbert Abreu"]
[Result "0-1"]
[WhiteElo "1628"]
[BlackElo "2157"]
[WhiteFideId "3006719"]
[BlackFideId "2100541"]
[EventDate "2015.05.15"]
[EventType "swiss"]

1. Nf3 Nf6 2. c4 c6 3. Nc3 d5 4. d4 g6 5. g3 Bg7 6. Bg2 O-O 7. O-O dxc4 8. Ne5
Ng4 9. Nxc4 Qxd4 10. Qxd4 Bxd4 11. h3 Ne5 12. e3 Bxc3 13. bxc3 Nxc4 0-1

[Event "10th American Continental"]
[Site "Montevideo URU"]
[Date "2015.05.15"]
[Round "1.68"]
[White "Markzon, Gregory"]
[Black "Pelaez, Diego"]
[Result "1-0"]
[WhiteTitle "FM"]
[WhiteElo "2156"]
[BlackElo "1567"]
[WhiteFideId "2003694"]
[BlackFideId "3006476"]
[EventDate "2015.05.15"]
[EventType "swiss"]

1. d4 Nf6 2. c4 g6 3. Nc3 Bg7 4. e4 d6 5. Be2 O-O 6. Bg5 Nbd7 7. Qd2 e5 8. Nf3
Re8 9. O-O c6 10. Rad1 Qc7 11. d5 c5 12. Ne1 Nf8 13. h3 h5 14. Nc2 N6h7 15. Bh4
f6 16. f3 g5 17. Bf2 Bh6 18. Qe1 Ng6 19. Ne3 Nf4 20. Kh2 Qg7 21. Nf5 Bxf5 22.
exf5 h4 23. Bd3 Nxd3 24. Rxd3 Qd7 25. Qe4 a6 26. a4 Kf7 27. Qg4 Kg7 28. Bxh4 Kh8
29. Bf2 Qf7 30. Ne4 Bf8 31. Rh1 Be7 32. Be3 Rg8 33. h4 Rg7 34. Kg1 Kg8 35. hxg5
Nxg5 36. Bxg5 fxg5 37. f6 Bxf6 38. Nxd6 e4 39. Nxf7 exd3 40. Nh6+ Kf8 41. Qf5
Ke8 42. Qxf6 Re7 43. Qg6+ Kd7 44. Qxd3 Rh8 45. Kf2 Rhe8 46. Nf5 Re2+ 47. Qxe2 1-0

[Event "10th American Continental"]
[Site "Montevideo URU"]
[Date "2015.05.15"]
[Round "1.69"]
[White "Perez, Jose Luis"]
[Black "Guerrero, Alvaro"]
[Result "0-1"]
[WhiteElo "1543"]
[BlackElo "2156"]
[WhiteFideId "3001466"]
[BlackFideId "3000478"]
[EventDate "2015.05.15"]
[EventType "swiss"]

1. d4 Nf6 2. c4 d6 3. Nc3 g6 4. e4 Bg7 5. f4 O-O 6. Nf3 c5 7. d5 e6 8. dxe6 Bxe6
9. Qc2 Nc6 10. Be3 Qa5 11. Be2 Nxe4 12. Qxe4 Bf5 13. Qd5 Nb4 14. Qxd6 Nc2+ 15.
Kf2 Nxe3 16. Nb5 Ng4+ 17. Kg3 a6 18. h3 Nf6 19. Nc7 Ne4+ 0-1

[Event "10th American Continental"]
[Site "Montevideo URU"]
[Date "2015.05.15"]
[Round "1.70"]
[White "Granara Barreto, Sebastian"]
[Black "Perez, Cecilia Manuela"]
[Result "1-0"]
[WhiteTitle "FM"]
[WhiteElo "2147"]
[BlackElo "1525"]
[WhiteFideId "3000494"]
[BlackFideId "3003191"]
[EventDate "2015.05.15"]
[EventType "swiss"]

1. e4 e6 2. Nf3 d5 3. e5 c5 4. b4 cxb4 5. d4 Nc6 6. Bd3 Bd7 7. O-O b3 8. axb3
Bb4 9. c3 Ba5 10. Ng5 Nh6 11. b4 Bc7 12. Qh5 Ne7 13. Nh3 Ng6 14. Bg5 Qc8 15.
Bxh6 gxh6 16. Qxh6 Qd8 17. Bxg6 fxg6 18. Qg7 Rf8 19. Qxh7 Rf7 20. Qxg6 Kf8 21.
Ng5 1-0

[Event "10th American Continental"]
[Site "Montevideo URU"]
[Date "2015.05.15"]
[Round "1.71"]
[White "Rodriguez Fuentealba, Diego"]
[Black "Pichuaga, Juan Pablo"]
[Result "0-1"]
[WhiteElo "1522"]
[BlackElo "2141"]
[WhiteFideId "3422704"]
[BlackFideId "3000451"]
[EventDate "2015.05.15"]
[EventType "swiss"]

1. e4 e6 2. d4 d5 3. Nd2 Nf6 4. e5 Nfd7 5. Bd3 c5 6. c3 Nc6 7. Ne2 c4 8. Bc2 b5
9. O-O Nb6 10. Nf3 Be7 11. Ng3 h5 12. Re1 a5 13. a4 b4 14. cxb4 axb4 15. b3 Na5
16. Bd2 c3 17. Be3 Ba6 18. Qc1 Kd7 19. Bg5 Rb8 20. Bxe7 Qxe7 21. Qg5 Qxg5 22.
Nxg5 Ke7 23. Ne2 Rhc8 24. f4 g6 25. Nc1 Nbc4 26. Ra2 Nd2 27. Nf3 Ndxb3 28. Bxb3
Nxb3 29. Nxb3 Bc4 30. Rb1 Bxb3 31. Rxb3 c2 32. Rxc2 Rxc2 33. Ne1 Rc4 34. Nd3
Rxd4 35. Kf2 Rc4 36. h3 Rc2+ 37. Kf1 Rc3 38. Rxb4 Rxb4 39. Nxb4 Rc4 40. Nd3 Rxa4
41. Kf2 Ra2+ 42. Kf3 Ra3 43. Ke2 Rxd3 44. Kxd3 h4 45. Kc3 Kd7 46. Kd4 Kc6 47.
Kd3 Kc5 48. Ke3 d4+ 49. Kd3 Kd5 50. Ke2 Ke4 51. Kd2 Kxf4 52. Kd3 Kxe5 0-1

[Event "10th American Continental"]
[Site "Montevideo URU"]
[Date "2015.05.15"]
[Round "1.72"]
[White "Lopez Falcon, Jorge"]
[Black "Anza, Vicenzo"]
[Result "1-0"]
[WhiteElo "2138"]
[BlackElo "1486"]
[WhiteFideId "3000850"]
[BlackFideId "3007510"]
[EventDate "2015.05.15"]
[EventType "swiss"]

1. d4 Nf6 2. c4 g6 3. Nc3 Bg7 4. g3 O-O 5. Bg2 d6 6. Nf3 Re8 7. O-O Bg4 8. h3
Bxf3 9. exf3 e5 10. dxe5 dxe5 11. Qxd8 Rxd8 12. f4 e4 13. Nxe4 Nxe4 14. Bxe4 c6
15. Be3 Nd7 16. Rad1 Nf6 17. Bf3 Re8 18. Kg2 Ne4 19. Bd4 Rad8 20. Bxg7 Rxd1 21.
Rxd1 Kxg7 22. b4 Nc3 23. Rd7 Rb8 24. a3 Na4 25. c5 Nb2 26. Be2 Kf6 27. Rd2 Na4
28. Bc4 Nc3 29. Rd7 Nd5 30. Bxd5 cxd5 31. Rxd5 Ke6 32. Rd6+ Ke7 33. Kf3 Rd8 34.
Rxd8 Kxd8 35. Ke4 Kc7 36. Ke5 f5 37. b5 a6 38. a4 a5 39. h4 b6 40. c6 h6 41. Kf6
Kd6 42. Kxg6 Kc5 43. c7 1-0

[Event "10th American Continental"]
[Site "Montevideo URU"]
[Date "2015.05.16"]
[Round "2.1"]
[White "Granda Zuniga, Julio E"]
[Black "Lujan, Carolina"]
[Result "1-0"]
[WhiteTitle "GM"]
[BlackTitle "IM"]
[WhiteElo "2650"]
[BlackElo "2353"]
[WhiteFideId "3800024"]
[BlackFideId "109878"]
[EventDate "2015.05.15"]
[EventType "swiss"]

1. c4 f5 2. d4 Nf6 3. e3 d6 4. Nf3 g6 5. b4 Bg7 6. Bb2 O-O 7. Qb3 Kh8 8. Be2 Ne4
9. Nc3 e6 10. O-O Nd7 11. Nxe4 fxe4 12. Nd2 Nf6 13. Rac1 d5 14. Rc3 c6 15. b5
cxb5 16. Qxb5 Bd7 17. Qb3 Bc6 18. Ba3 Rf7 19. Qc2 Ne8 20. Nb3 Nd6 21. Na5 Qxa5
22. Bxd6 Qd8 23. Bg3 h5 24. h3 Qe7 25. cxd5 exd5 26. Rxc6 bxc6 27. Qxc6 Qb7 28.
Qxg6 Rf6 29. Qxh5+ Rh6 30. Qg5 Rg8 31. Bg4 Qc6 32. Be5 Rg6 33. Qf5 Bxe5 34.
Qxe5+ Rf6 35. Bd7 Qd6 36. Rc1 Rd8 37. Rc7 a5 38. g4 Rg8 39. Kg2 Rf8 40. Bf5 Kg8
41. Rd7 1-0

[Event "10th American Continental"]
[Site "Montevideo URU"]
[Date "2015.05.16"]
[Round "2.2"]
[White "Choma, Ernani Francisco"]
[Black "Quesada Perez, Yuniesky"]
[Result "1/2-1/2"]
[WhiteTitle "FM"]
[BlackTitle "GM"]
[WhiteElo "2361"]
[BlackElo "2645"]
[WhiteFideId "2106922"]
[BlackFideId "3504409"]
[EventDate "2015.05.15"]
[EventType "swiss"]

1. Nf3 Nf6 2. c4 e6 3. g3 d5 4. Bg2 dxc4 5. O-O c6 6. Na3 b5 7. Ne5 Qc7 8. d4
Bb7 9. b3 c3 10. Qd3 Nbd7 11. Nxd7 Qxd7 12. Nc2 c5 13. Bxb7 Qxb7 14. Qxc3 Rc8
15. Qa5 Be7 16. dxc5 Bxc5 17. Be3 O-O 18. Bxc5 Rxc5 19. Ne3 Rfc8 20. Rfd1 h6 21.
Rd8+ Kh7 22. Rxc8 Rxc8 23. f3 a6 24. Kg2 Rc5 25. Rd1 Re5 26. Qc3 Qb8 27. Kf2 Rh5
28. Kg2 Re5 29. Kf2 Rh5 30. Kg2 Re5 1/2-1/2

[Event "10th American Continental"]
[Site "Montevideo URU"]
[Date "2015.05.16"]
[Round "2.3"]
[White "Bachmann, Axel"]
[Black "Disconzi da Silva, Rodrigo"]
[Result "1-0"]
[WhiteTitle "GM"]
[BlackTitle "IM"]
[WhiteElo "2636"]
[BlackElo "2339"]
[WhiteFideId "3700488"]
[BlackFideId "2100991"]
[EventDate "2015.05.15"]
[EventType "swiss"]

1. g3 d5 2. Nf3 c6 3. c4 Nf6 4. Bg2 g6 5. O-O Bg7 6. d4 O-O 7. b3 Bf5 8. Bb2 Qa5
9. e3 Nbd7 10. Qe2 b5 11. cxd5 cxd5 12. Nc3 b4 13. Na4 Rfc8 14. Rfc1 Ne4 15. Qe1
Qb5 16. Ne5 Nxe5 17. dxe5 Rxc1 18. Rxc1 Rc8 19. Rxc8+ Bxc8 20. h4 Ba6 21. Bd4
Qe2 22. Qxe2 Bxe2 23. f3 Nd2 24. Kf2 Bd3 25. f4 e6 26. Bxa7 Nb1 27. Bf1 Bf5 28.
Bc5 Bf8 29. Bxf8 Kxf8 30. Ke1 Na3 31. Kd2 Bb1 32. Bd3 Bxa2 33. Nc5 Nc4+ 34. bxc4
dxc4 35. Be4 c3+ 36. Kc2 Ke7 37. Na6 1-0